000 00508nam a2200193 a 4500
001 BRCA_6516
005 20190320205503.0
008 280911s1912----gw-#######---#000-0#ger-#
041 _ager
044 _agw
050 4 _aPT2625
_b.U55 A76 1912
100 1 _aMüller-Guttenbrunn, Adam
_d1852-1923
_916272
245 1 0 _aArme Komödianten
_cvon Adam Müller-Guttenbrunn.
260 _aLeipzig, Alemania
_bL. Staackmann
_c1912
300 _a339 p.
_c17 cm.
500 _aL53
902 _aGFM
942 _2lcc
_cB
999 _c6200
_d6200